Do Smeru sa nechystám vstúpiť šéf slovenskej diplomacie Ján Kubiš zostane vo vláde nestraníkom

Bibliographic Details
Main Authors: Čaplovič, Miroslav (Author, Interviewer), Kubiš, Ján, 1952- (Author)
Format: Article
Language:Slovak
PhysicalDescription:Fotogr.
ISSN:1335-4051
Subjects:

MARC

LEADER 00000nab a2200000 a 4500
001 vtls008854712
003 SK-MaSNL
005 20260426103114.0
008 061013c20060905xo ur| 0 0slo
015 |a SNBRB2006/10 
038 |a RVGKPD 
040 |a RVGKPD  |b slo  |c RVGKPD  |e AACR2 
041 |a slo 
044 |a xo  |c SK 
080 |a 32-051  |x (437.6)  |2 1997 
080 |a 354.11  |x (437.6)  |2 1997 
100 1 |a Čaplovič, Miroslav  |4 aut  |4 ivr  |9 840551 
245 1 0 |a Do Smeru sa nechystám vstúpiť  |b šéf slovenskej diplomacie Ján Kubiš zostane vo vláde nestraníkom  |c Miroslav Čaplovič, Ján Kubiš 
300 |b Fotogr. 
600 1 7 |a Kubiš, Ján,  |d 1952-  |2 rvgkpd  |9 192817 
610 7 |a Slovensko.  |b Ministerstvo zahraničných vecí  |2 rvgkpd  |9 112646 
651 7 |a Slovensko  |2 rvgkpd  |9 14231 
655 7 |a rozhovory  |2 rvgkpd  |9 31831 
700 1 |a Kubiš, Ján,  |d 1952-  |4 aut  |4 ive  |9 192817 
773 0 |t Pravda  |g Roč. XVI, č. 204 (5.9.2006), s. 1, 6  |x 1335-4051 
852 |a RVGKPD  |b KIS3G 
992 |a RBX 
999 |c 3275948  |d 3277878